000 00658nam a22001937a 4500
005 20170718154328.0
010 _aENG-119162
020 _a9788175417946
_c750.00
035 _aEN-102694
037 _bDBAD/PUB
082 _a381.0951
100 _aKanungo,Anil K.
245 _aChina and WTO :
_bissues and challenges in textiles and telecommunications /
_cby Anil K.Kanungo
260 _aDelhi
_bShipra Publications
_c2015
270 _aLG-18-19,pankaj Central Market,I.P.Ext.Patparganj
_bDelhi
_e110092
300 _ax,198p.
_c23cm(Hb)
500 _aIncludes bibliographical references and index
942 _2ddc
_cEN
_h381.0951
_mKAN
999 _c142495
_d142495